आओ बच्चो तुम्हें सिखाएं/ (Record no. 66947)

MARC details
000 -LEADER
fixed length control field 00939nam a22001577a 4500
005 - DATE AND TIME OF LATEST TRANSACTION
control field 20120521120127.0
100 ## - MAIN ENTRY--PERSONAL NAME
Personal name सेल्वम, नोरा कुट्टी
245 ## - TITLE STATEMENT
Title आओ बच्चो तुम्हें सिखाएं/
Statement of responsibility, etc नोरा कुट्टी सेल्वम:शिवानी रामचन्द्रन द्रारा अनुवादन एंव संपादन
260 ## - PUBLICATION, DISTRIBUTION, ETC. (IMPRINT)
Place of publication, distribution, etc दिल्ली
Name of publisher, distributor, etc साहित्य सुरभि
Date of publication, distribution, etc 2010
270 ## - ADDRESS
Address 1/9427, वैस्ट रोहतास नगर, शाहदरा
Postal code 110032
300 ## - PHYSICAL DESCRIPTION
Extent 208 पृ.
Dimensions 22 सेंमी. (सजिल्द)
490 ## - SERIES STATEMENT
Series statement बाल शिक्षण की आदर्श विधियां
-- 47560
942 ## - ADDED ENTRY ELEMENTS (KOHA)
Source of classification or shelving scheme Dewey Decimal Classification
Item type Children Books
Call number suffix सेल्वम
Holdings
Withdrawn status Lost status Not for loan Home library Current library Date acquired Cost, normal purchase price Full call number Cost, replacement price Koha item type
      Andrews Gunj Andrews Gunj 21/05/2012 350.00 सेल्वम 350.00 Children Books

© Delhi Public Library
Hit Counter
free hit counter